[Event "15th Spice Cup 2021"]
[Site "Clayton"]
[Date "2021.10.22"]
[Round "8.6"]
[White "Narayanan, Samrug"]
[Black "Homa, Seth"]
[Result "1/2-1/2"]
[WhiteElo "2395"]
[BlackElo "2269"]
[Annotator "TA"]
[PlyCount "94"]
[EventDate "2021.10.17"]
[EventType "swiss"]
[EventCountry "USA"]
[SourceTitle "playchess.com"]
[Source "ChessBase"]
[SourceQuality "1"]

{[%evp 17,94,0,0,9,5,0,6,7,8,0,0,0,0,0,15,0,0,0,0,0,0,0,18,-4,-6,-5,8,0,0,0,0,0,0,0,0,0,0,0,0,0,0,0,0,0,0,0,0,0,0,0,0,0,0,0,0,0,0,0,0,0,0,0,0,0,0,0,0,0,0,-15,-8,-8,0,-13,-14,-14,-14,-24,-6]} 1. e4 c5 2. Nf3 Nc6 3. Bb5 g6 4. O-O Bg7 5. c3 Nf6 6. Re1 O-O 7. d4 d5 8. e5 Ne4 9. Bxc6 bxc6 10. Be3 $1 {[%mdl 4] now scores much better than the old 10.Nbd2. B31: Sicilian: 2...Nc6 3 Bb5 g6.} Qb6 11. Qc1 cxd4 12. cxd4 {The position is equal.} a5 13. Nc3 Nxc3 14. Qxc3 Bg4 15. Nd2 a4 16. Rec1 Rfb8 17. b3 Bf5 18. h3 {[#]} h6 $146 ({Predecessor:} 18... h5 19. bxa4 Rxa4 20. Qxc6 Qxc6 21. Rxc6 Rba8 22. Nf3 f6 23. Rc7 Bf8 24. Rc6 Bg7 {½-½ (49) Grischuk,A (2777)-Radjabov,T (2765) chess24.com INT 2021}) 19. bxa4 Rxa4 20. Qxc6 (20. g4 {is interesting.} Bd7 21. Qc2 Ra3 22. Rcb1 Qa7 23. Rxb8+ Qxb8 24. Nb3) 20... Qxc6 21. Rxc6 Rba8 22. Rc5 e6 23. g4 Bd3 24. Rc3 Ra3 25. Rac1 g5 26. Rb3 Bf8 27. Kh2 Rxb3 28. axb3 Ra2 29. Rc8 Kg7 30. Rb8 Be7 31. Rb7 Bd8 32. Kg3 Rb2 33. Nf3 Ba5 34. h4 gxh4+ 35. Nxh4 Bc2 36. Ng2 {Nf4 is the strong threat.} Rxb3 37. Rxb3 Bxb3 $11 {[%mdl 4096] Endgame KBB-KBN} 38. Kh4 Bc2 39. Nf4 Bg6 40. Nh5+ Kh7 41. Nf6+ Kg7 42. Kg3 Bd8 43. Nd7 Bc2 44. Nc5 Ba5 45. Nb7 Bb4 46. Nd6 Kg6 47. Ne8 Be7 {An uneventful encounter.  Weighted Error Value: White=0.03/Black=0.01} 1/2-1/2

[Event "15th Spice Cup 2021"]
[Site "Clayton"]
[Date "2021.10.22"]
[Round "9.1"]
[White "Nyzhnyk, Illya"]
[Black "Williams, Justus"]
[Result "1-0"]
[WhiteElo "2670"]
[BlackElo "2420"]
[Annotator "TA"]
[PlyCount "51"]
[EventDate "2021.10.17"]
[EventType "swiss"]
[EventCountry "USA"]
[SourceTitle "playchess.com"]
[Source "ChessBase"]
[SourceQuality "1"]

{[%evp 9,51,0,0,-9,24,23,27,8,14,0,0,0,0,0,0,0,2,0,7,12,75,11,50,50,71,52,79,58,117,121,144,106,336,336,458,462,460,454,1285,1219,29991,2394,1816,1710]} 1. d4 d5 2. c4 e6 3. g3 a6 4. Bg2 dxc4 5. Nc3 Nf6 6. Qa4+ {D30: Queen's Gambit Declined: Systems without Nc3.} Bd7 7. Qxc4 {[#]} b5 $146 ({Predecessor:} 7... Bc6 8. Nf3 b5 9. Qb3 b4 10. Na4 Bd5 11. Qc2 Be4 12. Qd1 Qd5 13. Bf4 Nbd7 14. Bxc7 {0-1 (48) Raigosa,A (1809)-Pardo,A (2020) Dosquebradas 2018}) 8. Qd3 {White has an edge.} (8. Qb3 {is interesting.} Bc6 9. Nf3 b4 10. Na4 Bd5 11. Qe3) 8... Bc6 9. Bxc6+ Nxc6 10. Nf3 Nb4 11. Qb1 c5 12. dxc5 Bxc5 13. O-O Rc8 14. Bg5 h6 {[#]} (14... Nbd5 $11 {remains equal.}) 15. Bxf6 (15. Rd1 $1 $16 {[%cal Rd1d8]} Nbd5 (15... Qb6 16. Bxf6) 16. Bxf6 Qxf6 17. Nxd5 exd5 18. Rxd5) 15... gxf6 16. Rd1 Qb6 17. a3 $36 {[%mdl 2048] White is pushing.} Bxf2+ 18. Kg2 Nd5 (18... Rxc3 $14 19. bxc3 Nd5) 19. Nxd5 $16 exd5 {[#]} 20. e4 $1 ({Resist} 20. Rxd5 $6 O-O $14) 20... dxe4 $2 {Black cannot hold the game after this.} (20... Be3 $16 {was necessary.}) 21. Qxe4+ $18 Kf8 22. Rd7 {Qe7+ would kill now.} Re8 23. Qd5 {[%csl Gd7][%cal Rd5f7]} Re6 (23... Re7 $142 24. Rc1 Bc5) 24. Rc1 {Intending Rc8+ and mate.} Kg7 25. Rcc7 (25. Qh5 $142 Rf8 26. Qg4+ Kh7 {[#]} 27. Rc8 $3 {[%mdl 512]} Ree8 28. Rxe8 h5 29. Qxh5+ {[%mdl 64] Double Attack} Kg7 30. Rxf8 Qe6 31. Rfxf7+ Qxf7 32. Rxf7+ Kg8 33. Qh7#) 25... Rf8 26. Qh5 {Weighted Error Value: White=0.10/Black=0.64} 1-0

[Event "15th Spice Cup 2021"]
[Site "Clayton"]
[Date "2021.10.22"]
[Round "9.2"]
[White "Gledura, Benjamin"]
[Black "Jacobson, Brandon"]
[Result "1-0"]
[WhiteElo "2628"]
[BlackElo "2492"]
[Annotator "TA"]
[PlyCount "47"]
[EventDate "2021.10.17"]
[EventType "swiss"]
[EventCountry "USA"]
[SourceTitle "playchess.com"]
[Source "ChessBase"]
[SourceQuality "1"]

{[%evp 12,47,21,0,23,0,14,15,10,8,9,8,8,8,11,13,10,8,25,12,13,9,125,135,129,141,135,145,131,108,111,98,99,56,150,153,319,326]} 1. d4 d5 2. c4 e6 3. Nf3 Nf6 4. g3 Bb4+ 5. Bd2 a5 6. Bg2 O-O 7. O-O {7.Qc2 injects fresh life into this line.} dxc4 {E11: Bogo-Indian.} 8. a3 Bxd2 9. Nbxd2 b5 $1 {The position is equal.} 10. b3 cxb3 11. Qxb3 c6 12. Rfc1 Bb7 13. Qb2 Nbd7 14. Ne1 Qb8 15. Nd3 {[#]} Rc8 $146 ({Predecessor:} 15... Re8 16. Nb3 Nd5 17. Nbc5 Nxc5 18. Nxc5 Qa7 19. Rc2 Rad8 20. Rac1 Ba8 21. Nd3 f6 {0-1 (55) Bluebaum,M (2620)-Anand,V (2773) Germany 2019}) 16. Rab1 c5 (16... Qc7 $11 {keeps the balance.}) 17. dxc5 $16 {[#] Hoping for c6.} Bxg2 18. Kxg2 Qb7+ 19. f3 Rab8 20. e4 Qa8 21. Qc3 a4 22. Rc2 Qa7 (22... Rb7 $14) 23. c6 Rc7 $2 {[#]} (23... h6 $16 {is a better defense.} 24. Rd1 Qb6) 24. Rxb5 $3 {[%mdl 512] Weighted Error Value: White=0.08/Black=0.28} 1-0

[Event "15th Spice Cup 2021"]
[Site "Clayton"]
[Date "2021.10.22"]
[Round "9.3"]
[White "Bora, Safal"]
[Black "Quesada Perez, Yuniesky"]
[Result "0-1"]
[WhiteElo "2432"]
[BlackElo "2593"]
[Annotator "TA"]
[PlyCount "92"]
[EventDate "2021.10.17"]
[EventType "swiss"]
[EventCountry "USA"]
[SourceTitle "playchess.com"]
[Source "ChessBase"]
[SourceQuality "1"]

{[%evp 12,92,21,2,25,25,28,26,23,18,22,0,0,3,7,0,0,0,0,-13,-4,-14,0,-17,-12,-12,14,12,13,-28,-28,-29,-36,-60,-15,-22,0,0,11,0,0,0,0,0,0,-11,-7,-55,-40,-124,-120,-121,-116,-401,-379,-404,-406,-393,-390,-450,-475,-464,-451,-402,0,-393,-318,-302,-297,-387,-376,-351,-310,-357,-366,-471,-473,-818,-807,-743,-730,-4666,-4118]} 1. Nf3 d5 2. g3 c6 3. Bg2 Bf5 4. O-O Nf6 5. c4 e6 6. cxd5 exd5 7. d3 Bc5 {A11: English Opening: 1...c6.} 8. Qb3 Bb6 9. Nc3 O-O {White has an edge.} 10. Na4 Re8 11. Nxb6 axb6 12. Re1 {[#]} h6 $146 ({Predecessor:} 12... Nbd7 13. Qc3 h6 14. b4 c5 15. a4 Rc8 16. Bd2 c4 17. Qd4 Nf8 18. Rac1 Ne6 {½-½ (111) Matlakov,M (2689)-Dreev,A (2667) Dubai 2014}) 13. Bd2 c5 14. Qc2 Nc6 15. b4 cxb4 16. Qb2 Qd6 17. Rab1 Ra4 18. Nd4 Bd7 {[#] aiming for ...Nxd4.} 19. Nc2 Bg4 20. Kf1 Qe6 {[%cal Rg4e2]} 21. f3 Bh3 22. Bxb4 Bxg2+ 23. Kxg2 Qd7 24. d4 Qf5 25. a3 Na5 26. Bxa5 bxa5 27. Qb3 b5 28. Rb2 Qc8 29. Qxb5 Rc4 30. Qb3 {White is now going downhill.} (30. Na1 $1 $15) 30... Rc3 $17 31. Qa2 Qf5 {Strongly threatening ...Rxe2+!} 32. Qb1 $2 {[%mdl 8192] [#]} (32. Na1 $17) 32... Rxe2+ $1 $19 {[%mdl 576] Remove Defender, Decoy} 33. Rxe2 Qxf3+ {[%mdl 64] Double Attack} 34. Kg1 Qxe2 35. Qf1 Qe4 36. Qg2 Qd3 37. Qf1 Qe4 $40 {[%mdl 128] Black mounts an attack.} 38. Qg2 Kh7 39. Qxe4+ Nxe4 {[%mdl 4096] Endgame KRN-KRN} 40. Kg2 Rd3 41. Ne1 Rxd4 42. Nf3 Rd3 43. Rb7 Rxa3 {Black is clearly winning.} 44. Rxf7 (44. Nd4 $142) 44... Ra2+ 45. Kg1 Rf2 46. Rf5 a4 {Weighted Error Value: White=0.50/Black=0.17} 0-1

[Event "15th Spice Cup 2021"]
[Site "Clayton"]
[Date "2021.10.22"]
[Round "9.4"]
[White "Moradiabadi, Elshan"]
[Black "Yoo, Christopher Woojin"]
[Result "0-1"]
[WhiteElo "2553"]
[BlackElo "2485"]
[Annotator "TA"]
[PlyCount "52"]
[EventDate "2021.10.17"]
[EventType "swiss"]
[EventCountry "USA"]
[SourceTitle "playchess.com"]
[Source "ChessBase"]
[SourceQuality "1"]

{[%evp 15,52,-5,8,0,18,14,7,-4,0,-7,0,-13,0,6,22,0,21,0,21,10,7,8,16,0,0,0,0,-31,-8,-20,0,-26,17,15,33,-27,-18,-171,-162]} 1. d4 Nf6 2. Nf3 e6 3. Bf4 b6 4. e3 Bb7 5. c4 Bb4+ 6. Nfd2 O-O 7. a3 Be7 8. Nc3 d5 9. Be2 {E12: Queen's Indian: Unusual White 4th moves, 4 a3, 4 Nc3 Bb7 5 a3 and 4 Nc3 Bb7 .} c5 10. dxc5 bxc5 11. Bf3 {The position is equal.} Nbd7 12. cxd5 {[#]} Nxd5 $146 ({Predecessor:} 12... exd5 13. O-O Qb6 14. Qc2 Rac8 15. Rfe1 Qe6 16. e4 d4 17. Nd5 Nb6 18. Nc4 Nxc4 19. Qxc4 {½-½ (75) Schneider,S (2399)-Johansson,L (2457) Gothenburg 2018}) 13. Nxd5 Bxd5 14. O-O Qb6 15. Qc2 Bf6 16. e4 Bc6 17. Nc4 Qa6 18. e5 Be7 19. Be2 Rab8 20. Bd3 g6 21. Qe2 Qa4 22. Bc2 Qa6 23. Bd3 Rb3 {[#] White must now prevent ...Nb6.} 24. Rfd1 Rfb8 25. h4 (25. Bh6 $14) 25... Bxh4 $11 26. Nd6 $2 (26. Rac1 $11) 26... Qa4 {Weighted Error Value: White=0.30/Black=0.12} 0-1

[Event "15th Spice Cup 2021"]
[Site "Clayton"]
[Date "2021.10.22"]
[Round "9.5"]
[White "Chen, Ryo"]
[Black "Martinez Alcantara, Jose Eduardo"]
[Result "1/2-1/2"]
[WhiteElo "2325"]
[BlackElo "2620"]
[Annotator "TA"]
[PlyCount "160"]
[EventDate "2021.10.17"]
[EventType "swiss"]
[EventCountry "USA"]
[SourceTitle "playchess.com"]
[Source "ChessBase"]
[SourceQuality "1"]

{[%evp 21,160,0,4,0,39,26,41,53,35,11,10,10,3,0,9,8,22,25,31,-8,0,-52,-54,-62,-62,-49,-50,-86,0,0,4,8,8,11,6,9,21,22,172,136,339,216,249,0,0,0,0,0,0,0,0,0,0,0,0,0,12,0,0,0,0,0,0,0,0,0,0,0,0,0,0,0,0,0,43,0,2,2,8,0,0,0,0,0,35,34,32,25,25,25,25,25,78,16,33,0,0,0,0,0,0,0,0,0,0,0,0,0,0,0,0,0,0,0,0,0,0,0,0,0,0,0,0,0,0,0,0,0,0,0,0,0,0,0,0,0,0,0,0,0,0]} 1. e4 c5 2. Nf3 d6 3. d4 cxd4 4. Nxd4 Nf6 5. Nc3 Nc6 6. Be2 e5 7. Nf3 h6 8. O-O Be7 9. Re1 O-O 10. h3 a6 11. Bf1 Qc7 12. Nh2 {is the legacy move (12.b3). B58: Classical Sicilian: 6 Be2.} Be6 13. Nd5 Bxd5 14. exd5 {[#] White is slightly better.} Nb8 $146 {[%cal Bc6b8,Bb8d7,Bd7f6][%mdl 32]} ({Predecessor:} 14... Nb4 15. c4 a5 16. a3 Na6 17. Rb1 Nh7 18. Nf3 Nc5 19. b4 axb4 20. axb4 Na4 {1-0 (50) Zagrebelny,S (2480)-Ivanovic,B (2510) Yerevan 1996}) 15. Ng4 Nxg4 16. hxg4 Bg5 17. a4 Nd7 18. Bxg5 hxg5 19. Qd2 Nf6 20. Bd3 Rfe8 21. Qxg5 (21. Be4 $11) 21... e4 $15 22. Bf1 Qxc2 23. Re2 Qc5 24. Rc1 Qb6 ({Better is} 24... Qb4 $17 25. Rc3 Re5) 25. Rc3 $11 Qd4 26. Qh4 Nxd5 27. Rh3 {[%csl Gh3][%cal Rh4h8]} Kf8 28. Qg5 {[%cal Rh3h8]} Nf6 29. Rd2 Qb6 {[#]} (29... Qe5 $11 30. Qxe5 dxe5) 30. Qf4 $1 $18 e3 $2 (30... Ng8 $16 {is a better defense.}) 31. fxe3 Re4 {[#]} 32. Qxd6+ ({Only move:} 32. Qf3 $1 $18 Ree8 33. g5) 32... Qxd6 $11 33. Rxd6 Ke7 $36 {[%mdl 2048] Black fights for an advantage.} 34. Rd4 g5 35. Be2 Rd8 36. Rxd8 Kxd8 {[%mdl 4096] Endgame KRB-KRN} 37. Rh8+ Ne8 38. Bf3 Rb4 39. Rh5 f6 40. Rh7 Nd6 41. Bd5 Rxb2 42. Rh6 Rd2 43. e4 Rd4 44. Rxf6 Nxe4 45. Rf8+ Ke7 46. Rf7+ Ke8 47. Rf5 {Strongly threatening Re5+.} Kd7 48. Rf7+ Kd6 49. Bxb7 Rxa4 50. Rg7 Nc5 51. Rg6+ Ke7 52. Rxg5 Ne6 (52... Nxb7 $5 53. Rg7+ $8 Kd6 54. Rxb7 Ke5 $11) 53. Re5 Kd6 54. Re1 a5 55. Bc8 Ng5 56. Kh2 Ra3 (56... Rc4 $11 {keeps the balance.} 57. Rd1+ Kc7) 57. Rf1 (57. Rd1+ $16 Ke5 58. Rf1) 57... Rc3 58. Rf5 Rxc8 {The position is equal.} 59. Rxg5 {KR-KR} Ra8 60. Rf5 a4 {[%cal Ba5a4,Ba4a3][%mdl 32]} 61. Rf2 a3 {Hoping for ...a2.} 62. Ra2 Kc5 63. Kg3 Kc4 64. Kf4 Kb3 (64... Ra4 {is more complex.} 65. Ra1 Kd5+ 66. Kf5 a2 67. g5 Kd6) 65. Ra1 Kb2 (65... Kc3 {keeps more tension.} 66. g5 a2 67. g6 Kb2 68. Rd1 a1=Q) 66. Rxa3 Kxa3 {KR-KPP} (66... Rxa3 {feels hotter.} 67. g5 Ra2 68. g6 Kc1 69. Kg5 Rxg2+ 70. Kf6 Kd2) 67. g5 Kb4 68. g6 Kc5 {aiming for ...Kd6.} 69. Ke5 Ra6 (69... Kc4 {seems wilder.} 70. g7 Kd3 71. Kf6 Kc4 72. Kf7 Ra7+) 70. Kf5 $1 Ra2 (70... Kd6 {with more complications.} 71. g7 Ra8 72. Kf6 Rb8 73. Kf7 Kd5) 71. g7 Rxg2 {KR-KP} 72. Kf6 Kd6 (72... Kb5 {looks sharper.} 73. Kf7 Kb4 74. Kf8 Rf2+ 75. Ke8 Re2+) 73. Kf7 Rf2+ 74. Ke8 Rg2 75. Kf7 Rf2+ 76. Ke8 Re2+ 77. Kf7 Kd7 78. g8=Q {Threatening mate with Qg4+.} Rf2+ 79. Kg7 {Intending Qd5+ and mate.} Rg2+ 80. Kh8 Rxg8+ {Weighted Error Value: White=0.16/Black=0.17} 1/2-1/2

[Event "15th Spice Cup 2021"]
[Site "Clayton"]
[Date "2021.10.22"]
[Round "9.6"]
[White "Homa, Seth"]
[Black "Mardov, Dimitar"]
[Result "0-1"]
[WhiteElo "2269"]
[BlackElo "2373"]
[Annotator "TA"]
[PlyCount "70"]
[EventDate "2021.10.17"]
[EventType "swiss"]
[EventCountry "USA"]
[SourceTitle "playchess.com"]
[Source "ChessBase"]
[SourceQuality "1"]

{[%evp 11,70,8,22,8,18,23,24,0,0,0,0,0,0,0,0,0,0,0,0,0,22,0,25,0,0,-28,-21,-24,-42,-33,91,97,90,36,23,34,25,0,0,0,0,33,50,-34,-32,-131,-136,-160,-161,-219,-89,-162,-159,-159,-160,-171,-171,-166,-168,-289,-278]} 1. d4 d5 2. c4 e6 3. Nf3 Nf6 4. Nc3 Be7 5. Bf4 O-O 6. e3 Nbd7 7. c5 {D37: Queen's Gambit Declined: 5 Bf4.} c6 8. b4 b6 9. h4 {White has an edge.} a5 10. a3 {[#]} Ba6 $146 ({Predecessor:} 10... Ne4 11. Nxe4 dxe4 12. Ne5 Nxe5 13. Bxe5 Qd5 14. Be2 Ba6 15. O-O Bxe2 16. Qxe2 axb4 17. axb4 bxc5 18. bxc5 Bxc5 19. Bxg7 Kxg7 20. dxc5 {1-0 (47) Caruana,F (2835)-Nakamura,H (2736) chess24.com INT 2020}) 11. Bxa6 Rxa6 12. b5 cxb5 13. c6 Qc8 14. c7 Bxa3 15. Nxb5 (15. Rxa3 b4 $15) 15... Bb4+ 16. Ke2 Ne4 17. Qc2 Ra8 18. Rhb1 {[#]} Ndc5 $1 19. dxc5 bxc5 {White must now prevent ...Qa6.} 20. Kf1 Qd7 (20... f6 $15) 21. Qa4 $16 f6 {[#]} 22. Kg1 (22. Nc3 $1 $16 Qxa4 23. Nxa4) 22... e5 $14 23. Bh2 Ra6 24. Rd1 c4 {[%cal Bc5c4,Bc4c3,Bc3c2][%mdl 32]} 25. Nc3 Qxa4 26. Nxa4 Rc6 27. Rxd5 (27. Rac1 $14) 27... c3 $1 $15 {[%cal Rc3c2] Threatens to win with ...c2.} 28. Nxe5 (28. Rd7 $2 c2 $19) (28. Ne1 $1 $15) 28... fxe5 $17 29. Bxe5 c2 $36 {[%mdl 2048] Black has strong initiative.} 30. Rc1 {[#]} (30. f3 $142 c1=Q+ 31. Rxc1 Rxc1+ 32. Kh2) 30... Ba3 (30... Rxf2 $2 31. Rd8+ Rf8 {[#]} 32. Nb6 $1 $18 {[%mdl 512]}) (30... Bd2 $1 $19 {[%cal Rd2c1] and Black stays clearly on top.} 31. Rxc2 Rxc2) 31. Nb2 (31. Bb2 $17 Bxb2 32. Nxb2) 31... Bxb2 $19 (31... Rxf2 32. Rxa5 Bxb2 33. Bxb2 $18) (31... Nxf2 $2 32. Rd7 $18) 32. Bxb2 {Be5 is the strong threat.} Rxc7 33. Rxa5 Nxf2 {aiming for ...Nd3.} ({Avoid the trap} 33... Rxf2 $2 34. Re5 $18) 34. Rd5 Nd1 35. Rd2 (35. Rdxd1 {was called for.} cxd1=Q+ 36. Rxd1) 35... Nxb2 {Weighted Error Value: White=0.28/Black=0.13} ({Don't take} 35... Nxe3 36. Re2 $19) 0-1